| 000 | 00642nam a2200193 i 4500 | ||
|---|---|---|---|
| 001 | 38644 | ||
| 003 | ES-MaACL | ||
| 005 | 20230906155808.0 | ||
| 007 | t| | ||
| 008 | 030226s1956 mx ||||1| spa d | ||
| 100 | 1 |
_aBurton, Norman Lee. _932788 |
|
| 245 | 1 | 0 |
_aContabilidad de costos / _cNorman Lee Burton ; traducción de Federico Ríoseco y Samuel A. Hoyos. |
| 250 | _a[1ª ed., 2ª reimp.]. | ||
| 260 |
_aMéxico, etc. : _bFondo de Cultura Económica, _c1956 ( _fS. de R.L.) |
||
| 300 |
_a304 p. : _bil. ; _c24 cm. |
||
| 700 | 1 |
_aRíoseco, Federico. _997408 |
|
| 700 | 1 |
_aHoyos, Samuel A. _964432 |
|
| 852 |
_aES-MaACL _jC-16955 _bR.45149 |
||
| 999 |
_c38644 _d38644 |
||